Copa América 2019 teams - Statistics

General Stats
  • This quiz has been taken 125 times
  • The average score is 8 of 12
Answer Stats
Rating Team % Correct
2135 Brazil
100%
1974 Colombia
89%
1902 Argentina
84%
1935 Uruguay
81%
1836 Chile
78%
1821 Peru
74%
1785 Venezuela
69%
1637 Bolivia
56%
1752 Ecuador
55%
1708 Paraguay
55%
1772 Japan
48%
1770 Qatar
46%
No matching quizzes found
Score Distribution
Percent of People with Each Score
Percentile by Number Answered
Your Score History
You have not taken this quiz